Sports Quiz

Random Sports or NFL Quiz

Quarterback Careers: 5,000 or more Yards Quiz Stats

 Plays Quiz not verified by Sporcle

Score 0/44 Timer 06:00
0 Plays Today
Yards Thrown In Career NFL Quarterbacks % Correct
27,001-28,000Terry Bradshaw...
98.7%
40,001-41,000Kerry Collins...
98.7%
23,001-24,000Archie Manning...
98%
54,001-55,000Peyton Manning
97.3%
71,001-72,000Brett Favre
97%
14,001-15,000Kordell Stewart...
96%
61,001-62,000Dan Marino
94.9%
8,001-9,000Vince Young...
93.9%
33,001-34,000John Hadi...
93.3%
32,001-33,000Troy Aikman...
92.3%
24,001-25,000Tommy Kramer...
91.6%
17,001-18,000Matt Schaub...
89.6%
39,001-40,000Tom Brady
89.6%
29,001-30,000Randall Cunningham...
87.2%
16,001-17,000Doug WIlliams...
84.5%
20,001-21,000Jake Delhomme...
83.5%
5,001-6,000Cecil Isbell...
83.5%
51,001-52,000John Elway
82.8%
28,001-29,000Rich Gannon...
82.5%
25,001-26,000Jim Plunkett...
82.5%
37,001-38,000Boomer Esiason, Donovan McNabb
82.5%
7,001-8,000Matthew Stafford...
82.2%
Yards Thrown In Career NFL Quarterbacks % Correct
26,001-27,000George Blanda...
81.8%
18,001-19,000Tobin Rote...
81.8%
49,001-50,000Warren Moon
80.5%
9,001-10,000Vince Evans...
79.1%
22,001-23,000Marc Bulger...
78.1%
6,001-7,000Josh McCown...
78.1%
47,001-48,000Fran Tarkenton
73.4%
12,001-13,000Bill Munson...
72.4%
46,001-47,000Vinnie Testaverde
72.1%
21,001-22,000Danny White...
69.4%
10,001-11,000Ryan Fitzpatrick...
68%
43,001-44,000Dan Fouts
67.7%
31,001-32,000John Brodie, Steve McNair
66.7%
35,001-36,000Jim Kelly
66.3%
44,001-45,000Drew Bledsoe
65.7%
11,001-12,000Rick Mirer...
64.6%
19,001-20,000Charlie Conerly...
62.3%
15,001-16,000Scott Mitchell...
59.3%
13,001-14,000Joe Flacco...
51.9%
34,001-35,000Jim Everett...
50.5%
38,001-39,000Dave Krieg
45.1%
30,001-31,000Norm Snead
10.1%

You're not logged in!

Compare scores with friends on all Sporcle quizzes.
Join for Free
OR
Log In

You Might Also Like...

Show Comments

Extras

Top Quizzes Today


Score Distribution

Your Account Isn't Verified!

In order to create a playlist on Sporcle, you need to verify the email address you used during registration. Go to your Sporcle Settings to finish the process.

Report this User

Report this user for behavior that violates our Community Guidelines.

Details: